000 00373nam a2200145Ia 4500
008 150201s1997 xx 000 0 und d
082 _a615.8
_bH97W
100 _aWILTON , JUDITH C.
245 _aHAND SPLINTING : PRINCIPLES OF DESIGN & FABRICATION
250 _a1ST
260 _bSAUNDERS
_aLONDON
_c1997
300 _a1-226
650 _aREHABILITATION
942 _2ddc
_cBK
999 _c1550
_d1550